Library Banner

State and nation-building in Pakistan (Record no. 84781)

MARC details
000 -LEADER
fixed length control field 00484nam a2200181Ia 4500
001 - CONTROL NUMBER
control field 71776
008 - FIXED-LENGTH DATA ELEMENTS--GENERAL INFORMATION
fixed length control field 160401s9999 xx 000 0 und d
020 ## - INTERNATIONAL STANDARD BOOK NUMBER
International Standard Book Number 9781138903470
040 ## - CATALOGING SOURCE
Transcribing agency PK-LaUMT
082 ## - DEWEY DECIMAL CLASSIFICATION NUMBER
Classification number 320.95491
Item number STA-
100 ## - MAIN ENTRY--PERSONAL NAME
Personal name Long, Roger D.
245 ## - TITLE STATEMENT
Title State and nation-building in Pakistan
Remainder of title beyond Islam and security
Statement of responsibility, etc Long, Roger D.|[et al, ]
260 ## - PUBLICATION, DISTRIBUTION, ETC. (IMPRINT)
Place of publication, distribution, etc London,UK:
Name of publisher, distributor, etc Routledge,
Date of publication, distribution, etc 2016
300 ## - PHYSICAL DESCRIPTION
Extent 214 p.
546 ## - LANGUAGE NOTE
Language note EN
700 ## - ADDED ENTRY--PERSONAL NAME
Personal name [et al, ]
942 ## - ADDED ENTRY ELEMENTS (KOHA)
Koha item type Books
Holdings
Withdrawn status Lost status Damaged status Not for loan Home library Current library Date acquired Total Checkouts Full call number Barcode Date last seen Date checked out Price effective from Koha item type Source of classification or shelving scheme Copy number
        UMT Main Campus UMT Main Campus 2016-04-01 5 320.95491 STA- 98218 2020-01-29 2020-01-15 2016-04-01 Books    
        UMT Main Campus UMT Main Campus 2017-03-02   320.95491 STA- 105947 2017-03-02   2017-03-02 Books Dewey Decimal Classification C-2